000 00300nam a22001097a 4500
008 170118b xxu||||| |||| 00| 0 eng d
020 _a9780833090164
041 _aeng
080 _a618.2
245 _aAVALUATION OF THE OPERATIONAL STRESS CONTROL AND READINESS PROGRAM
_cVAUGHAN, CH.A
942 _2udc
_cBK
999 _c3053
_d3053